000 00506nam a2200169Ia 4500
008 240729s9999 xx 000 0 und d
022 _a2687-8941
245 0 _aJCO Global Oncology
260 _aUnited States
260 _bAmerican Society of Clinical Oncology
650 _a Internal medicine
650 _a Neoplasms. Tumors. Oncology. Including cancer and carcinogens
650 _aMedicine
856 _uhttps://doaj.org/toc/e928d866c95f4ab4b374043caefa927c
942 _2ddc
942 _cDOAJEJ
999 _c65666
_d65666
945 _a1
_bMadushi Gamage
_c1
_dMadushi Gamage